[Event "94th Tradewise Hastings Congress"]
[Site "Hastings"]
[Date "2018.12.31"]
[Round "4"]
[White "Pitschka, Claus"]
[Black "Salmons, Calum"]
[Result "1-0"]
[WhiteElo "2241"]
[BlackElo "1905"]
[Annotator "TA"]
[PlyCount "55"]
[EventDate "2018.12.28"]
[EventType "swiss"]
[EventCountry "ENG"]
[SourceTitle "playchess.com"]
[Source "ChessBase"]
[SourceQuality "1"]

{[%evp 13,55,70,72,44,54,58,75,66,83,57,85,72,105,73,77,64,66,51,63,65,58,52,133,75,143,142,154,153,219,212,202,161,272,266,256,137,412,400,572,500,686,680,663,662]} 1. d4 Nf6 2. Nf3 c5 3. d5 d6 4. Nc3 Nbd7 5. e4 g6 6. Be2 Bg7 7. O-O O-O {LiveBook: 19 Games} 8. Nd2 {A43: Schmid Benoni} Nb6 $146 ({Predecessor:} 8... Ne8 9. a4 e6 10. Nc4 Ne5 11. Ne3 exd5 12. Ncxd5 Nc6 13. c3 Ne7 14. Bc4 Nc7 15. Nxc7 Qxc7 {½-½ (39) Thrish,K (2116)-Shyam,N (2429) Hoogeveen 2018}) 9. a4 {[%cal Ba2a4,Ba4a5][%mdl 32]} Bd7 10. a5 {White is better.} Nc8 11. f4 e6 12. dxe6 fxe6 13. Bf3 Bc6 14. Nc4 $36 {[%mdl 2048] White fights for an advantage.} d5 15. Ne5 Ne7 16. Nxc6 bxc6 17. Re1 d4 (17... Re8 $14) 18. Ne2 (18. Na4 $142) 18... Qd7 ({Black should play} 18... e5) 19. Ra4 Rab8 20. b3 Rfd8 (20... Qc7 $16 21. Qd3 e5) 21. Ba3 $18 Rb5 22. Rc4 Rxa5 (22... d3 $142) 23. Bxc5 d3 24. cxd3 (24. Qxd3 $18 {Threatens to win with Bb4.} Qe8 25. Bd4) 24... Nxe4 $2 {[%mdl 8192] [#]} (24... Rxc5 $16 25. Rxc5 Nxe4) 25. Bxe7 $1 ({Stronger than} 25. Bxe4 Rxc5 26. Rxc5 Bd4+ 27. Nxd4 Qxd4+ 28. Kh1 Qxc5 $11) 25... Nc3 (25... Qxe7 $142 26. Bxe4 c5) 26. Nxc3 {White is clearly winning.} Bxc3 27. Rxc3 Qxe7 28. Rxc6 {Accuracy: White = 47%, Black = 34%.} 1-0

[Event "94th Tradewise Hastings Congress"]
[Site "Hastings"]
[Date "2018.12.31"]
[Round "4"]
[White "Villiers, Thomas"]
[Black "Heinsohn, Michael"]
[Result "1-0"]
[WhiteElo "2205"]
[BlackElo "1961"]
[Annotator "TA"]
[PlyCount "55"]
[EventDate "2018.12.28"]
[EventType "swiss"]
[EventCountry "ENG"]
[SourceTitle "playchess.com"]
[Source "ChessBase"]
[SourceQuality "1"]

{[%evp 14,55,22,-7,29,22,29,26,39,21,32,18,20,43,43,31,67,43,45,34,64,67,122,134,208,189,189,192,204,200,325,316,538,533,609,593,677,727,708,575,533,542,545,537]} 1. c4 Nf6 2. Nc3 c5 3. g3 Nc6 4. Bg2 g6 5. Nf3 {[%cal Bg1f3,Bf3d4,Bd4b3][%mdl 32]} Bg7 6. d4 cxd4 7. Nxd4 O-O 8. c5 {LiveBook: 10 Games. A38: Symmetrical English vs ...g6: 4 Bg2 Bg7 5 Nf3 Nf6} (8. O-O Qa5 9. e3 d6 10. h3 Bd7 11. Qe2 Rfc8 12. Rd1 a6 13. Bd2 Qd8 14. Rac1 Rab8 15. Nxc6 Bxc6 16. e4 Nd7 17. Bg5 h6 18. Be3 {½-½ (41) Ding,L (2778)-Bacrot,E (2718) Liaocheng 2018}) 8... Qa5 9. Nb3 Qd8 10. O-O {White has an edge.} b6 11. e4 {[#] Hoping for e5!} Ba6 $146 ({Predecessor:} 11... Ne8 12. Be3 bxc5 13. Nxc5 Rb8 14. Qc1 Nd6 15. Bf4 Ne5 16. Rd1 Nb5 17. Ne2 d6 18. h3 a5 19. Bh6 Bxh6 20. Qxh6 Qb6 21. Nd3 Nd4 22. Nxd4 Qxd4 {½-½ (22) Kurajica,B (2531)-Sprecic,M (2339) Neum 2011}) 12. Re1 Rc8 13. e5 Ne8 $1 14. cxb6 axb6 15. f4 Nb4 16. Be3 {Nc1 is the strong threat.} Nd3 17. Nd5 $1 Rb8 ({Not} 17... Nxe1 $2 18. Bxb6 Nc7 19. Qxe1 $18) ({Better is} 17... Rc6 $14) 18. Bf1 $36 {[%mdl 2048] Black is under strong pressure.} Nxb2 (18... Bc4 $16 {was worth a try.}) 19. Qd4 $18 {[%mdl 64] [#] Trapped Piece} Bxf1 20. Rxf1 e6 21. Nxb6 ({Weaker is} 21. Qxb2 exd5 22. Rad1 f6 $11) 21... Rxb6 (21... d6 $142 22. Rab1 (22. Qxb2 Rxb6 23. Bxb6 Qxb6+ 24. Qd4 Qxd4+ 25. Nxd4 dxe5 $16) 22... Nd3) 22. Qxb6 Qa8 $2 (22... Qxb6 23. Bxb6 Nc4) 23. Qd4 {White is clearly winning.} d6 24. Qxb2 dxe5 25. fxe5 Nd6 26. Qg2 Bxe5 27. Qxa8 Rxa8 28. Bd4 {Accuracy: White = 81%, Black = 51%.} 1-0

[Event "94th Tradewise Hastings Congress"]
[Site "Hastings"]
[Date "2018.12.31"]
[Round "4"]
[White "Payne, Matthew J"]
[Black "Larsen, Andreas"]
[Result "1-0"]
[WhiteElo "2182"]
[BlackElo "1933"]
[Annotator "ChessBase"]
[PlyCount "35"]
[EventDate "2018.12.28"]
[EventType "swiss"]
[EventCountry "ENG"]
[SourceTitle "playchess.com"]
[Source "ChessBase"]
[SourceQuality "1"]
[TimeControl "40/6000+30:3000+30"]

1. e4 {[%emt 0:00:00]} d5 {[%emt 0:00:00]} 2. exd5 {[%emt 0:00:00]} Nf6 {[%emt 0:00:00]} 3. d4 {[%emt 0:00:14]} Nxd5 {[%emt 0:00:00]} 4. Nf3 {[%emt 0:01:06]} Bf5 {[%emt 0:03:03]} 5. Bd3 {[%emt 0:04:43]} Bxd3 {[%emt 0:06:36]} 6. Qxd3 {[%emt 0:00:15]} Nc6 {[%emt 0:00:50]} 7. a3 {[%emt 0:07:19]} Qd6 {[%emt 0:07:11]} 8. c4 {[%emt 0:09:58]} Nf4 {[%emt 0:17:12]} 9. Qe4 {[%emt 0:02:01]} Ne6 {[%emt 0:18:11]} 10. Be3 {[%emt 0:01:16]} f5 {[%emt 0:01:09]} 11. Qxf5 {[%emt 0:07:29]} Nexd4 {[%emt 0:01:56]} 12. Nxd4 {[%emt 0:00:52]} Nxd4 {[%emt 0:00:08]} 13. Bxd4 {[%emt 0:03:12]} Qxd4 {[%emt 0:00:09]} 14. Nc3 {[%emt 0:00:49]} g6 {[%emt 0:12:17]} 15. Qb5+ {[%emt 0:01:28]} c6 {[%emt 0:00:08]} 16. Qxb7 {[%emt 0:00:21]} Qe5+ {[%emt 0:01:02]} 17. Ne2 {[%emt 0:01:21]} Bh6 {[%emt 0:09:02]} 18. Qxa8+ {[%emt 0:02:34]} 1-0

[Event "94th Tradewise Hastings Congress"]
[Site "Hastings"]
[Date "2018.12.31"]
[Round "4"]
[White "Sumit, Kumar"]
[Black "Fowler, David"]
[Result "1/2-1/2"]
[WhiteElo "2179"]
[BlackElo "1929"]
[Annotator "TA"]
[PlyCount "55"]
[EventDate "2018.12.28"]
[EventType "swiss"]
[EventCountry "ENG"]
[SourceTitle "playchess.com"]
[Source "ChessBase"]
[SourceQuality "1"]

{[%evp 19,55,34,49,10,13,-29,-18,-17,-25,-34,-19,-20,-18,-26,-20,-25,-30,-125,-115,-111,-47,-65,-40,-101,-55,-59,-29,-27,-29,-56,-56,-62,-56,-105,-30,-34,-26,-50]} 1. e4 c6 2. d4 d5 3. e5 Bf5 4. Nf3 e6 5. Be2 Nd7 6. O-O Bg6 7. a4 {B12: Caro-Kann: Advance Variation} a5 8. Nbd2 Nh6 {[%cal Bg8h6,Bh6f5,Bf5h4][%mdl 32]} 9. Nb3 Nf5 10. Bd2 Be7 {LiveBook: 3 Games} 11. Ne1 $146 ({Predecessor:} 11. g4 Nh4 12. Nxh4 Bxh4 13. f4 Be4 14. Be3 h6 {1-0 (40) Van der Hoeven,D (2639)-Rattinger,F (2644) ICCF email 2010}) 11... O-O 12. f4 c5 {[%cal Bc6c5,Bc5c4][%mdl 32]} 13. g4 Nh4 {aiming for ...c4.} 14. Be3 {[%cal Rd4c5]} c4 15. Nd2 f6 $36 {[%mdl 2048] Black has the initiative.} 16. f5 Bf7 ({Reject} 16... exf5 $6 17. e6 $14) 17. Ndf3 fxe5 18. Nxe5 (18. dxe5 $11 {remains equal.} exf5 19. Nxh4 Bxh4 20. Rxf5) 18... exf5 $17 19. gxf5 Bf6 (19... Bd6 $17 20. Nxd7 Qxd7) 20. Nxf7 $15 Rxf7 21. Ng2 (21. Bh5 $15 Re7 22. Qd2) 21... Nxg2 22. Kxg2 Qe7 23. Ra3 Qe4+ 24. Kg1 Bd8 25. Rf4 Qe7 26. Rf2 {[#]} Nf6 (26... Bb6 $1 $17) 27. Bg5 $11 Qd7 {...Ne4 is the strong threat.} 28. Bxf6 $1 {Accuracy: White = 40%, Black = 51%.} 1/2-1/2

[Event "94th Tradewise Hastings Congress"]
[Site "Hastings"]
[Date "2018.12.31"]
[Round "4"]
[White "Eames, Robert S"]
[Black "Trevelyan, John"]
[Result "0-1"]
[WhiteElo "2167"]
[BlackElo "1996"]
[Annotator "TA"]
[PlyCount "60"]
[EventDate "2018.12.28"]
[EventType "swiss"]
[EventCountry "ENG"]
[SourceTitle "playchess.com"]
[Source "ChessBase"]
[SourceQuality "1"]

{[%evp 9,60,46,49,18,35,1,4,4,0,-22,-17,-34,-18,-22,0,-15,10,-11,0,-81,-79,-77,-77,-85,-60,-91,-66,-60,-70,-77,-41,-36,-21,-132,-100,-149,-150,-175,-189,-331,-291,-292,-135,-254,-264,-241,-257,-572,-578,-817,-818,-812,-804]} 1. d4 d6 2. c4 e5 3. d5 g6 4. Nc3 Bh6 5. Bxh6 $146 ({Predecessor:} 5. e4 Bxc1 6. Rxc1 Nf6 7. Nf3 O-O 8. Be2 Na6 9. Nd2 Ne8 10. a3 c5 11. h4 {1-0 (39) Porat,S (2464)-Gofshtein,L (2540) Israel 2010}) 5... Nxh6 6. h4 {A41: 1 d4 d6: Tartakower System and Modern Defence} Nd7 7. h5 g5 8. Qd2 {The position is equal.} f5 {[%cal Bf7f5,Bf5f4][%mdl 32]} 9. Nf3 Rg8 10. g3 a6 11. O-O-O Qf6 12. Bg2 Nf7 13. e4 f4 14. g4 (14. Kb1 $11 {remains equal.}) 14... Nb6 $17 15. Bh3 Nxc4 16. Qc2 Nb6 17. a4 Rb8 18. Nd2 Bd7 19. a5 Na8 20. f3 Kf8 21. h6 (21. Kb1 $11) 21... Ke7 22. Nc4 Rgc8 (22... Nxh6 23. Bf1 $15) (22... Qxh6 23. Bg2 $15) 23. Qf2 Kf8 ({Don't do} 23... Nxh6 24. Qa7 $15) ({Don't play} 23... Qxh6 24. Qa7 $15) 24. Qa7 (24. Kb1 {was worth a try.}) 24... Qd8 25. Bf1 c5 (25... b5 $19 26. axb6 Nxb6 27. Qxa6 {[#]} Na4 $1 {[%mdl 512]} 28. Nxa4 Ra8 29. Qxa8 (29. Qb7 $2 Bxa4 30. Qb4 Bxd1 $19) 29... Rxa8) 26. dxc6 (26. Nb6 $17 {was the only defense.} Nxb6 27. Qxb6) 26... Rxc6 $19 27. Kb1 b5 28. axb6 $2 (28. Nd2 {is a better chance.} Rc7 29. Qf2) 28... Nxb6 {Black is clearly winning.} 29. Na5 {[#]} Rxc3 $1 {[%mdl 512]} 30. bxc3 Nc4+ {Accuracy: White = 25%, Black = 48%.} 0-1

[Event "94th Tradewise Hastings Congress"]
[Site "Hastings"]
[Date "2018.12.31"]
[Round "4"]
[White "Byron, Alan M"]
[Black "Chapman, Matt"]
[Result "1/2-1/2"]
[WhiteElo "2157"]
[BlackElo "1902"]
[Annotator "TA"]
[PlyCount "79"]
[EventDate "2018.12.28"]
[EventType "swiss"]
[EventCountry "ENG"]
[SourceTitle "playchess.com"]
[Source "ChessBase"]
[SourceQuality "1"]

{[%evp 15,79,3,7,-73,-7,-54,-38,-74,-83,-70,0,-11,0,0,8,0,0,0,0,-44,-34,-171,5,0,14,-70,-66,-112,-133,-226,-212,-192,-176,-179,-160,-174,-179,-186,-175,-323,-312,-331,-138,-185,-168,-169,-140,-144,-143,-183,-130,-157,-157,-185,-178,-222,-39,-131,-139,-688,-17,-15,0,-2,0,-58]} 1. e4 c6 2. d4 d5 3. e5 Bf5 4. Nf3 e6 5. Be2 Ne7 6. O-O c5 7. dxc5 Nec6 {B12: Caro-Kann: Advance Variation} 8. c4 (8. Be3 Nd7 9. c4 dxc4 10. Bxc4 Bxc5 11. Qe2 Bxe3 12. Qxe3 Qb6 13. Qxb6 axb6 14. Bb5 Ke7 15. Bxc6 bxc6 {0-1 (52) Akopian,V (2648)-Ivanchuk,V (2726) Berlin 2015}) 8... d4 $1 {[%cal Bd5d4,Bd4d3][%mdl 32] LiveBook: 3 Games} 9. Bg5 $146 (9. Bd3 $11) ({Predecessor:} 9. Qb3 Qc7 10. Na3 Bxc5 11. Rd1 Nd7 12. Bf4 O-O 13. Nc2 Bxc2 14. Qxc2 f5 15. a3 {0-1 (28) Goumas,G (2409)-Nikolaidis,I (2562) Korinthia 2012}) 9... Qd7 ({Black should play} 9... f6 $1 $17 {[%cal Rf6g5]} 10. Qb3 Nd7 11. exf6 (11. Qxb7 $2 Rc8 $17) 11... gxf6) 10. Re1 h6 11. Bh4 d3 12. Bf1 Bxc5 ({Black should try} 12... Nb4 $15 13. Nc3 Nc2 {[%mdl 64] Trapped Piece}) 13. Nbd2 Nb4 14. Ne4 N8a6 15. Nd6+ Bxd6 16. exd6 Qxd6 17. Bg3 Qd8 {White must now prevent ...Nc2.} (17... Qb6 {is interesting.} 18. Re5 O-O 19. Rb5 Qd8 20. Qd2 Nc6) 18. Nh4 (18. Qa4+ $15 Nc6 19. Qb5) 18... O-O $2 (18... Bh7 $1 $19 {Hoping for ...Nc2.} 19. Qa4+ Qd7 20. Qxd7+ Kxd7) 19. Nxf5 $11 exf5 20. Re5 (20. Rb1 $1 $11) 20... Qf6 $15 {Threatens to win with ...f4.} 21. Qf3 Nc6 $36 {[%mdl 2048] White is under strong pressure.} 22. Rd5 (22. Rxf5 $17 {is a better defense.} Qxb2 23. Rd1) 22... Qxb2 23. Qd1 Rad8 24. Bd6 Ncb4 25. Rb1 Qc3 26. Bxf8 Nxd5 27. Rb3 (27. cxd5 $142 Kxf8 28. Rb3) 27... Qxc4 $19 ({Less strong is} 27... Kxf8 28. cxd5 Qc2 29. Rxd3 $17) 28. Ba3 Nb6 (28... Ndb4 $19 {has better winning chances. ...Qc2 is the strong threat.} 29. g3 Qc2 30. Qxc2 dxc2) 29. Bxd3 Qd5 30. Qc2 Na4 {And now ...N6c5 would win.} 31. Bxa6 bxa6 32. h3 Nb6 (32... Qd1+ $19 33. Qxd1 Rxd1+ 34. Kh2 Ra1) 33. Qc7 Rd7 34. Qb8+ {[#]} Kh7 $1 35. Rg3 Rd8 $2 {[#]} (35... Qxa2 $19 36. Bf8 f6) 36. Qxa7 ({White must play} 36. Bb2 $1 $15 {[%mdl 512]} Rg8 37. Qxa7) 36... Nc4 $17 37. Qxa6 $2 {[%mdl 8192]} (37. Qe7 $17) 37... Nxa3 $2 ({Better is} 37... Ra8 $19 38. Rd3 Qe4 39. Qxa8 Qxa8) 38. Qxa3 $11 {The position is equal.} Qd1+ 39. Kh2 Qd4 40. Rf3 {Accuracy: White = 18%, Black = 40%.} (40. Qb3 $11) 1/2-1/2

[Event "94th Tradewise Hastings Congress"]
[Site "Hastings"]
[Date "2018.12.31"]
[Round "4"]
[White "Spiegel, Stefan"]
[Black "Sulskis, Sarunas"]
[Result "1/2-1/2"]
[WhiteElo "2124"]
[BlackElo "2525"]
[Annotator "TA"]
[PlyCount "87"]
[EventDate "2018.12.28"]
[EventType "swiss"]
[EventCountry "ENG"]
[SourceTitle "playchess.com"]
[Source "ChessBase"]
[SourceQuality "1"]

{[%evp 9,87,18,18,8,18,18,20,16,21,5,5,10,18,0,0,0,0,0,10,-12,0,0,-2,-11,0,-19,0,0,31,0,0,0,0,0,0,0,0,0,0,-59,-57,-66,-67,-62,-62,-75,-67,-58,-69,-90,-83,-104,-95,-125,-100,-100,-101,-102,-94,-108,-31,-19,-22,-58,0,0,0,0,0,0,0,0,0,0,0,0,0,0,0,0]} 1. e4 c5 2. Be2 (2. Nf3 e6 3. c4 Nc6 4. d4 cxd4 5. Nxd4 Bc5 6. Nc2 Nf6 7. Nc3 O-O 8. Be3 b6 9. Be2 Bb7 10. O-O Qe7 11. Qd2 Rfd8 12. Rfd1 Ne5 13. Bxc5 bxc5 {1-0 (51) Carlsen,M (2835)-Caruana,F (2832) London 2018}) 2... e5 3. Nf3 d6 4. Bc4 $146 ({Predecessor:} 4. O-O Nf6 5. d3 Be7 6. c4 O-O 7. Nc3 Nc6 8. Bg5 Ne8 9. Bxe7 Nxe7 10. Ne1 f5 11. exf5 Bxf5 12. Bf3 Rb8 13. Be4 Nc7 14. Nc2 Ne6 15. Ne3 Nd4 16. Ne2 {½-½ (53) Timoshenkov,A (2173)-Metlyaev,E (2159) Bratsk 2015}) 4... h6 5. Nc3 Nc6 6. h3 {B31: Sicilian: 2...Nc6 3 Bb5 g6} a6 7. a4 Be7 8. d3 Nf6 9. Nd5 Nxd5 10. Bxd5 Be6 11. Bxe6 fxe6 12. O-O O-O 13. c3 Qe8 14. Nh2 Rd8 15. Qg4 Rf6 16. f4 exf4 17. Bxf4 Ne5 18. Qe2 h5 19. Be3 Rxf1+ 20. Rxf1 Qxa4 21. d4 cxd4 22. cxd4 Nc4 23. Qxh5 Rf8 $36 {[%mdl 2048] Black is pushing.} 24. Qg4 ({White should try} 24. Bf2 $11) 24... Rxf1+ $1 $15 25. Nxf1 Nxe3 26. Qxe6+ Kf8 $1 27. Nxe3 {[#] Black must now prevent Nf5.} Qxd4 28. Qc8+ Kf7 29. Qf5+ Ke8 30. Qc8+ Bd8 31. Qe6+ Kf8 32. Qf5+ {[#]} Ke7 $1 33. Kf2 Bb6 34. Qg5+ Qf6+ (34... Kd7 $17 35. Kf3 Kc8) 35. Qxf6+ Kxf6 36. Kf3 {And now Nd5+ would win.} Bxe3 ({Better is} 36... Bc5 $15) 37. Kxe3 {[%mdl 4096] Endgame KP-KP. The position is equal.} Ke5 38. h4 $1 a5 {Hoping for ...a4.} 39. g4 g6 40. h5 gxh5 41. gxh5 b5 42. Kd3 Kf6 43. Kd4 Kg5 44. Kd5 {Precision: White = 53%, Black = 60%.} 1/2-1/2

[Event "94th Tradewise Hastings Congress"]
[Site "Hastings"]
[Date "2018.12.31"]
[Round "4"]
[White "Groffen, Hans"]
[Black "Ratnesan, Rajiev"]
[Result "1-0"]
[WhiteElo "2120"]
[BlackElo "1600"]
[Annotator "TA"]
[PlyCount "105"]
[EventDate "2018.12.28"]
[EventType "swiss"]
[EventCountry "ENG"]
[SourceTitle "playchess.com"]
[Source "ChessBase"]
[SourceQuality "1"]

{[%evp 19,105,-2,41,15,48,52,52,47,57,48,56,27,23,42,34,23,31,-4,19,21,27,22,35,22,35,46,42,12,137,22,51,37,33,26,58,36,24,18,34,47,64,62,70,60,70,47,50,66,75,76,83,73,93,81,90,72,91,39,131,138,137,125,151,0,134,133,150,126,134,121,142,134,174,168,239,164,188,147,394,387,412,412,420,424,721,692,616,547]} 1. d4 f5 2. g3 Nf6 3. Bg2 g6 4. Nh3 Bg7 5. Nf4 c6 6. h4 {A81: Dutch Defence: 2 g3} d6 {[%cal Bd7d6,Bd6e5][%mdl 32]} 7. Nc3 e5 8. dxe5 dxe5 9. Qxd8+ Kxd8 10. Nd3 Nbd7 {LiveBook: 4 Games} (10... e4 $5 {[%cal Re4d3]} 11. Nf4 Na6 $14) 11. e4 Nxe4 $146 ({Predecessor:} 11... Kc7 12. exf5 gxf5 13. Bh3 Nb6 14. Nxe5 {1-0 (51) Chatalbashev,B (2535)-Sonjaya,D (2284) Jakarta 2012}) 12. Bxe4 fxe4 13. Nxe4 Kc7 14. h5 b6 15. hxg6 hxg6 16. Rxh8 Bxh8 17. Bg5 Bb7 18. Be7 Re8 19. Bd6+ Kd8 {White must now prevent ...c5.} 20. Ba3 {Hoping for Nd6.} Kc7 21. Nd6 Re6 22. Nxb7 Kxb7 23. O-O-O Bg7 (23... g5 $11 {keeps the balance.}) 24. b3 (24. Nf4 $1 $16 Bh6 25. Rxd7+ Kc8 26. Rxa7 (26. Rh7 Bg5 $16)) 24... Kc7 25. Rh1 c5 26. Rh7 Bf6 27. Kd1 Re7 28. Rh6 Nf8 29. Bb2 Bg7 30. Rh4 Kd6 31. Re4 Nd7 32. Ke2 Bf6 33. f3 Bg7 34. Rg4 Nf8 35. Bc1 Re6 36. Nf2 Re7 37. Bd2 Re6 38. b4 (38. Ne4+ $16 Kc6 39. Bc3) 38... Nd7 {[#]} ({Black should try} 38... cxb4 $14 39. Bxb4+ (39. Rxb4 Kd5 $14) 39... Kd7) 39. b5 $1 $16 Nf8 40. Bg5 Nh7 41. Bd2 Nf8 42. Ne4+ Kc7 43. Nc3 Kd6 44. a4 {[%cal Ba2a4,Ba4a5,Ba5a6][%mdl 32]} Kc7 45. Nd5+ Kb7 46. c4 Rd6 (46... Kc8 $142 47. a5 bxa5 48. Bxa5 e4 49. fxe4 (49. Rxe4 Rxe4+ 50. fxe4 Be5 $16) 49... Be5) 47. Kf2 Re6 48. a5 Rd6 $2 (48... bxa5 $16 49. Bxa5 Kc8) 49. a6+ $18 Kb8 50. Bc3 Re6 51. f4 {[%cal Bf3f4,Bf4f5][%mdl 32]} Nd7 {[#]} (51... Kc8 $142 52. Rh4 Kd7) 52. f5 $1 {[%mdl 512]} Rd6 (52... gxf5 53. Rxg7) 53. Kg2 {Precision: White = 59%, Black = 26%.} 1-0

[Event "94th Tradewise Hastings Congress"]
[Site "Hastings"]
[Date "2018.12.31"]
[Round "4"]
[White "Rolvag, Mikael"]
[Black "Kjartansson, Gudmundur"]
[Result "0-1"]
[WhiteElo "2107"]
[BlackElo "2415"]
[Annotator "TA"]
[PlyCount "56"]
[EventDate "2018.12.28"]
[EventType "swiss"]
[EventCountry "ENG"]
[SourceTitle "playchess.com"]
[Source "ChessBase"]
[SourceQuality "1"]

{[%evp 14,56,25,21,39,20,31,33,38,45,37,28,23,-12,-13,-22,-6,-22,-10,-11,-14,-34,-25,-29,-30,-38,-34,-44,-32,-64,-30,-50,-29,-25,0,-62,-54,-59,-54,-37,-63,-52,-60,-722,-635]} 1. c4 g6 2. g3 Bg7 3. Bg2 Nf6 4. Nc3 O-O 5. d3 c5 6. e3 Nc6 7. Nge2 d6 8. O-O {LiveBook: 60 Games} Qc7 {A36: Symmetrical English vs ...g6: 4 Bg2 Bg7} (8... Bg4 9. h3 Bd7 10. b3 a6 11. Bb2 Rb8 12. d4 cxd4 13. exd4 b5 14. cxb5 axb5 15. d5 Na7 16. Nd4 {0-1 (31) Grischuk,A (2771)-Andreikin,D (2683) Moscow 2010}) 9. Nf4 Bd7 10. Rb1 $146 ({Predecessor:} 10. Qc2 Nb4 11. Qe2 Bc6 12. a3 Bxg2 13. Kxg2 {0-1 (39) Borron,H (1590)-Simon,J (1710) Loire 2004}) 10... e6 {White is slightly better.} 11. a3 Ne7 12. Bd2 Bc6 13. Bxc6 Qxc6 14. Qa4 Qc8 15. b4 b6 16. f3 Rd8 17. Rfc1 Nd7 18. Qd1 Ne5 $36 {[%mdl 2048] White is under pressure.} 19. Qe2 Qb7 20. Rf1 Rac8 21. Rb3 Qc6 22. b5 Qb7 23. e4 a6 24. Rfb1 ({White should play} 24. a4 $11) 24... axb5 $15 25. Nxb5 d5 $1 26. cxd5 exd5 27. Nc3 dxe4 28. dxe4 $2 {[%mdl 8192] [#]} (28. Nxe4 $15 Nd5 29. Kh1) 28... Rxd2 $1 {[%mdl 512] Accuracy: White = 37%, Black = 56%.} 0-1

[Event "94th Tradewise Hastings Congress"]
[Site "Hastings"]
[Date "2018.12.31"]
[Round "4"]
[White "White, Stuart A"]
[Black "Bates, Richard A"]
[Result "1/2-1/2"]
[WhiteElo "2096"]
[BlackElo "2372"]
[Annotator "TA"]
[PlyCount "88"]
[EventDate "2018.12.28"]
[EventType "swiss"]
[EventCountry "ENG"]
[SourceTitle "playchess.com"]
[Source "ChessBase"]
[SourceQuality "1"]

{[%evp 11,88,31,25,27,29,0,3,-2,21,0,27,0,27,20,27,27,27,28,25,16,41,25,24,7,16,7,19,0,20,23,25,35,87,-27,-21,-45,33,-15,0,0,21,0,43,11,42,43,48,46,64,57,56,47,81,56,66,66,65,40,79,57,73,62,71,34,113,99,122,109,106,48,41,34,86,91,85,0,83,0,23]} 1. c4 e6 2. Nc3 Bb4 3. Qb3 Nc6 4. Nf3 Nf6 5. a3 Bxc3 6. Qxc3 d6 {LiveBook: 13 Games. A17: English Opening: 1...Nf6 with ...Bb4} 7. b3 $146 ({Predecessor:} 7. b4 e5 8. d3 O-O 9. Bb2 Re8 10. e3 a5 11. Be2 axb4 12. axb4 Rxa1+ 13. Bxa1 Bg4 14. b5 {½-½ (22) Iturrizaga Bonelli,E (2607)-Gonzalez Zamora,J (2561) Mexico City 2010}) 7... e5 8. Bb2 O-O 9. e3 Re8 10. Be2 Bg4 11. h3 Bh5 (11... Bxf3 $5 12. Bxf3 Nd4 $1 $11 {[%mdl 512]}) 12. d3 d5 13. cxd5 Nxd5 14. Qc5 f6 15. O-O Bf7 16. Qc2 Qd7 17. Nd2 {[%cal Bf3d2,Bd2e4,Be4c3,Bc3b5,Bb5d4][%mdl 32]} Nd8 18. Rac1 Ne6 19. Ne4 b6 20. b4 a5 21. b5 a4 (21... Red8 $14) 22. Qc6 (22. Rfd1 $16) 22... Qxc6 $11 23. bxc6 f5 ({Better is} 23... Red8 $15) 24. Nc3 Nc5 25. Nb5 Ra5 26. d4 exd4 27. Nxd4 f4 28. Nf5 Ne6 29. e4 Ne7 $1 30. Nxe7+ Rxe7 31. Rfd1 Nc5 32. f3 Ra8 33. Bc3 $36 {[%mdl 2048] White is more active.} Nb3 34. Rb1 Be6 35. Bb5 Kf7 36. Kf2 g5 37. Rd3 h5 (37... Nc5 $14) 38. Rbd1 $16 Nc5 39. Rd8 Re8 {[#]} 40. Rxa8 (40. Rxe8 $1 $16 Rxe8 41. h4) 40... Rxa8 $14 41. Rd4 Ke8 (41... Kg6 $14) 42. Rb4 $16 Bb3 43. Rd4 Be6 $1 44. Rd1 (44. Rd2 $16) 44... Kf7 {Accuracy: White = 40%, Black = 42%.} 1/2-1/2